Presidents of the Philippines - Statistics

General Stats
  • This quiz has been taken 333 times
    247 since last reset
  • The average score is 13 of 17
Answer Stats
Term President % Correct
2022- Bongbong Marcos
97%
1965-1986 Ferdinand Marcos
97%
2016-2022 Rodrigo Duterte
95%
2010-2016 Benigno Aquino III
92%
1986-1992 Corazon Aquino
92%
1935-1944 Manuel L. Quezon
82%
1899-1901 Emilio Aquinaldo
80%
2001-2010 Gloria Macapagal Arroyo
73%
1998-2001 Joseph Estrada
71%
1992-1998 Fidel V. Ramos
68%
1961-1965 Diosdado Macapagal
67%
1953-1957 Ramon Magsaysay
67%
1943-1945 Jose P. Laurel
65%
1948-1953 Elpidio Quirino
64%
1946-1948 Manuel Roxas
63%
1957-1961 Carlos P. Garcia
58%
1944-1946 Sergio Osmeña
47%
No matching quizzes found
Score Distribution
Percent of People with Each Score
Percentile by Number Answered
Your Score History
You have not taken this quiz since the last reset